Figures du modernisme Eudoxe Irénée Mignot et Marie-Joseph Lagrange (notice n° 1620725)
[ vue normale ]
| 000 -LEADER | |
|---|---|
| fixed length control field | 01867cam a2200169 4500500 |
| 005 - DATE AND TIME OF LATEST TRANSACTION | |
| control field | 20260111091235.0 |
| 041 ## - LANGUAGE CODE | |
| Language code of text/sound track or separate title | fre |
| 042 ## - AUTHENTICATION CODE | |
| Authentication code | dc |
| 100 10 - MAIN ENTRY--PERSONAL NAME | |
| Personal name | Joassart, Bernard |
| Relator term | author |
| 245 00 - TITLE STATEMENT | |
| Title | Figures du modernisme Eudoxe Irénée Mignot et Marie-Joseph Lagrange |
| 260 ## - PUBLICATION, DISTRIBUTION, ETC. | |
| Date of publication, distribution, etc. | 2005.<br/> |
| 500 ## - GENERAL NOTE | |
| General note | 95 |
| 520 ## - SUMMARY, ETC. | |
| Summary, etc. | L’anniversaire des lois françaises de 1905 montre à quel point reste vif le débat sur la laïcité, et combien il reste difficile pour les Églises de penser ce débat en lui-même et pas seulement en fonction de ses répercussions religieuses. Pour aider à cette objectivation du débat, deux mises en perspective font saisir l’instabilité théorique d’une laïcité divisée entre concept de la raison pure et idée de la raison historique. Ces deux perspectives se croisent autour d’une crise de la citoyenneté : c’est sans doute par rapport à cette crise qu’il revient aujourd’hui à la tradition chrétienne de recevoir théologiquement la question de la laïcité. |
| 520 ## - SUMMARY, ETC. | |
| Summary, etc. | On the occasion of the anniversary of the promulgation of the French laws of 1905, the A. evokes the topicality of the debate concerning secularism, and the difficulty encountered by the Church to focus on that debate without reference to its religious connotation. In order to throw an objective light on the question, we ought to take into consideration the theoretical instability of a secularism which has to deal with two viewpoints : pure reason and historical consideration. These two views meet around a citizenship crisis, a crisis which invites the Church to offer a theological solution to the problem of secularism. |
| 786 0# - DATA SOURCE ENTRY | |
| Note | Nouvelle revue théologique | 127 | 4 | 2005-12-15 | p. 615-622 | 0029-4845 |
| 856 41 - ELECTRONIC LOCATION AND ACCESS | |
| Uniform Resource Identifier | <a href="https://shs.cairn.info/revue-nouvelle-revue-theologique-2005-4-page-615?lang=fr&redirect-ssocas=7080">https://shs.cairn.info/revue-nouvelle-revue-theologique-2005-4-page-615?lang=fr&redirect-ssocas=7080</a> |
Pas d'exemplaire disponible.




Réseaux sociaux